Rozpoznaj pętle tramwajową w Krakowie po mapie - Statystyki

Ogólne statystyki
  • Ten quiz został rozwiązany 34 razy
  • Średni wynik to 19 z 24
Statystyki odpowiedzi
Obrazkowy Odpowiedź % Poprawnych
Borek Fałęcki
97%
Górka Narodowa P+R
87%
Mały Płaszów P+R
87%
Cichy Kącik
84%
Czerwone Maki P+R
84%
Krowodrza Górka P+R
84%
Kurdwanów P+R
84%
Nowy Bieżanów P+R
84%
Salwator
84%
Bronowice
81%
Kopiec Wandy
81%
Łagiewniki
81%
Plac Centralny
81%
Pleszów
81%
Mistrzejowice
77%
Osiedle Piastów
77%
Tauron Arena Wieczysta
77%
Wzgórza Krzesławickie
77%
Cmentarz Rakowicki
74%
Dworzec Towarowy
68%
Bronowice Małe
65%
Dąbie
65%
Prokocim
65%
Rondo Hipokratesa
65%
Nie znaleziono quizów pasujących do podanych kryteriów
Rozkład punktacji
Procent ludzi z każdym wynikiem
Percentyl według liczby udzielonych odpowiedzi
Twoja historia wyników
Nie rozwiązałeś tego quizu